Foundations of analysis : the arithmetic of whole, rational, irrational, and complex numbers /
Guardado en:
| Autor Principal: | |
|---|---|
| Otros Autores: | |
| Formato: | Libro |
| Idioma: | English German |
| Publicado: |
[New York] :
Chelsea,
1951.
|
| Etiquetas: |
Agregar Etiqueta
Sin Etiquetas, Sea el primero en etiquetar este registro!
|
| LEADER | 00771nam a22002055a 4500 | ||
|---|---|---|---|
| 001 | MAT.inmabb001595 | ||
| 008 | 031124s1951####nyu###########000#0#eng#d | ||
| 005 | 20170818120933.0 | ||
| 245 | 1 | 0 | |a Foundations of analysis : |b the arithmetic of whole, rational, irrational, and complex numbers / |c by Edmund Landau ; translated by F. Steinhardt. |
| 260 | |a [New York] : |b Chelsea, |c 1951. | ||
| 300 | |a xiv, 134 p. ; |c 24 cm. | ||
| 500 | |a A supplement to textbooks on the differential and integral calculus. | ||
| 500 | |a Translation of: Grundlagen der Analysis. | ||
| 510 | 4 | |a MR, |c MR0038404 | |
| 100 | 1 | |a Landau, Edmund, |d 1877-1938. | |
| 700 | 1 | |a Steinhardt, F. |4 trl | |
| 084 | |a 26-XX |2 msc2000 | ||
| 010 | |a 51002456 | ||
| 041 | 1 | |a eng |h ger | |
| 859 | |h 26 |i L253f |p A-1998 |b BIB. MATEMATICA | ||
